| 000 | 00387nam a2200133Ia 4500 | ||
|---|---|---|---|
| 008 | 230907s9999||||xx |||||||||||||| ||und|| | ||
| 082 |
_a579.1703 _bBIT |
||
| 100 |
_aBitton, Gabriel. _95831 |
||
| 245 | 0 | _aEncyclopedia of environmental microbiology / | |
| 260 |
_aWiley, _bNew York : _c2002 |
||
| 300 | _a6 v. (xxviii, 3527 p.) : | ||
| 650 | _aEncyclopedias. Encyclopedias. | ||
| 942 | _cBK | ||
| 999 |
_c601262 _d601262 |
||